00715 2200265 4500001002100000005001500021035002000036007000300056008004100059020001800100100002500118245005700143250001200200300004100212700002100253264003600274336002100310337003000331338002300361082000800384084001400392650001400406650001600420990001300436INLIS00000000112138120241112090431 a0010-1024000213ta241112 0 ind  a97860245369850 aDyanasariePengarang1 aManajemen Operasional Agribisnis /cDyanasari, Asnah aEdisi 1 ax, 101 halaman :bilustrasi ;c20 cm0 aAsnahePengarang aYogyakarta :bDeepublish,c2018 2rdacontentaTeks 2rdamediaaTanpa Perantara 2rdacarrieraVolume a630 a630 DYA m 4aPertanian 4aAgriculture a24/00339